| Tag |
First Indicator |
Second Indicator |
Subfields |
| LEADER |
00000cam a2200000 4500 |
| 001 |
in00000025429 |
| 005 |
20151007062433.0 |
| 008 |
751104s1966 nyu 00011 eng |
| 010 |
|
|
|a 66012279
|
| 035 |
|
|
|a (OCoLC)01807015
|
| 035 |
|
|
|9 AAD4887AM
|
| 040 |
|
|
|a DLC
|c JPL
|d TXA
|d UtOrBLW
|
| 049 |
|
|
|a TXAM
|c [463770]
|
| 050 |
0 |
0 |
|a PZ4.G6415
|b Las
|
| 090 |
|
|
|a PS3513.O346
|b L27 1966
|
| 092 |
|
|
|a 813
|b G624
|
| 100 |
1 |
|
|a Goldston, Robert C.
|
| 245 |
1 |
4 |
|a The last of Lazarus /
|c [by] Robert C. Goldston.
|
| 264 |
|
1 |
|a New York :
|b Random House,
|c [1966]
|
| 264 |
|
4 |
|c ©1966
|
| 300 |
|
|
|a 243 pages ;
|c 22 cm.
|
| 336 |
|
|
|a text
|b txt
|2 rdacontent
|
| 337 |
|
|
|a unmediated
|b n
|2 rdamedia
|
| 338 |
|
|
|a volume
|b nc
|2 rdacarrier
|
| 999 |
|
|
|a MARS
|
| 999 |
f |
f |
|s 00da60f8-2cb8-3f92-aeac-b9d26a19a5fb
|i 70ff39f8-b1c8-336b-a628-a8da997d124d
|t 0
|
| 952 |
f |
f |
|p ric
|a Texas A&M University
|b Rellis Campus
|c Joint Library Facility
|d Remote Storage
|t 0
|e PS3513.O346 L27 1966
|h Library of Congress classification
|i unmediated -- volume
|m A14801238483
|
| 998 |
f |
f |
|a PS3513.O346 L27 1966
|t 0
|l Remote Storage
|